01761nam a2200409Ia 4500001001200000003000800012006001900020007001500039008004100054010001700095020004300112020001800155020004000173020003800213020003500251040002100286035002000307050002900327082001600356245015200372260006400524300002300588490004000611504005100651533015200702650005200854650005400906650005500960650005601015655002901071700002501100700001901125700002301144710001701167830004101184856012601225ebr10579199CaPaEBRm u cr cn|||||||||051020s2006 nyua sb 001 0 eng d z 2005030809 z9780791468630 (hardcover : alk. paper) z9780791481233 z0791468631 (hardcover : alk. paper) z9780791468647 (pbk. : alk. paper) z079146864X (pbk. : alk. paper) aCaPaEBRcCaPaEBR a(OCoLC)7682166614aLC212.422.C2bE97 2006eb04a379.2/622200aExpanding opportunity in higher educationh[electronic resource] :bleveraging promise /cedited by Patricia Gandara, Gary Orfield, Catherine Horn. aAlbany, N.Y. :bState University of New York Press,cc2006. axi, 302 p. :bill.1 aSUNY series, frontiers in education aIncludes bibliographical references and index. aElectronic reproduction.bPalo Alto, Calif. :cebrary,d2013.nAvailable via World Wide Web.nAccess may be limited to ebrary affiliated libraries. 0aDiscrimination in higher educationzCalifornia. 0aUniversities and collegeszCaliforniaxAdmission. 0aAfrican AmericansxEducation (Higher)zCalifornia. 0aHispanic AmericansxEducation (Higher)zCalifornia. 7aElectronic books.2local1 aGandara, Patricia C.1 aOrfield, Gary.1 aHorn, Catherine L.2 aebrary, Inc. 0aSUNY series, frontiers in education.40uhttp://site.ebrary.com/lib/rucke/Doc?id=10579199zAn electronic book accessible through the World Wide Web; click to view